| 000 | 01511 a2200277 4500 | ||
|---|---|---|---|
| 001 | 32956 | ||
| 005 | 20260407155624.0 | ||
| 008 | 260407a2015 arg spa d | ||
| 003 | AR-UNSa-BCEJYS | ||
| 040 |
_aAR-UNSa-BCEJYS _bspa _cAR-UNSa-BCEJYS |
||
| 080 |
_a519.2 _xProbabilidades y estadística matemática |
||
| 245 | 1 | 0 | _aIntroducción a la probabilidad y estadística |
| 020 | _a978-607-519-876-7 | ||
| 250 | _a14a. ed. | ||
| 264 | 1 |
_aMéxico : _bCengage Learning Editores _c2015 |
|
| 300 |
_axxi, 721 p. _c27 cm. |
||
| 505 | _a1. Descripción de datos con gráficas - 2. Descripción de datos con medidas numéricas - 3. Descripción de datos bivariados - 4. Probabilidad y distribuciones de probabilidad - 5. Algunas distribuciones discretas útiles - 6. La distribución normal de probabilidad - 7. Distribuciones muestrales - 8. Estimación de muestras grandes - 9. Prueba de hipótesis de muestras grandes - 10. Inferencia a partir de muestras pequeñas - 11. El análisis de varianza - 12.Regresión lineal y correlación - 13. Análisis de regresión multiple - 14. Análisis de datos categóricos - 15. Estadísticas no paramétricas | ||
| 041 | _aspa | ||
| 942 | _cBK | ||
| 590 | _aniveau_biblio:m niveau_hierar:0 | ||
| 100 | 1 | _aMendenhall, William | |
| 700 | 1 | _aBeaver, Robert J. | |
| 700 | 1 | _aVelázquez Arellano, Jorge Alberto | |
| 700 | 1 | _aBeaver, Barbara M. | |
| 856 | 4 | 1 |
_uhttps://biblioeco.unsa.edu.ar/pmb/images/libros/intro_prob_estadistica.jpg _yImagen de portada _qimage/jpeg |
| 999 |
_c2312 _d2312 |
||